| 000 | 00690namaa22001571 4500 | ||
|---|---|---|---|
| 001 | 173832 | ||
| 003 | ES-MaACL | ||
| 005 | 20231224062933.0 | ||
| 008 | 100125s1848 sp |||| | spa d | ||
| 100 | 1 |
_aFernández y González, Manuel, _d1821-1888 _950183 |
|
| 245 | 1 | 0 |
_aSamson _b: tragedia bíblica en tres actos y en verso / _cpor Manuel Fernández y González. |
| 260 |
_aGranada : _b[s.n.], _c1848 ( _fImp. y Librería de Manuel Sanz) |
||
| 300 |
_a54 p. ; _c17 cm. |
||
| 852 |
_aES-MaACL _jF-8618(6) _z- Enc. pasta española, falto de cub. original _z- Enc. en un vol. facticio formando parte de la col. facticia "Teatro español moderno", v. 73 |
||
| 999 |
_c173832 _d173832 |
||